📖✒ "Pour faire le portrait d'un oiseau" Prévert - Statistiques

Statistiques générales
  • Ce quiz a Ă©tĂ© pris 50 fois
  • Le rĂ©sultat moyen est 163 sur 266
Statistiques - réponses
Mots % Correct
Ă 
100%
c'
100%
d'
100%
oiseau
100%
un
100%
l'
96%
pour
96%
une
96%
le
93%
de
89%
Faire
89%
n'
89%
s'
89%
cage
86%
des
86%
est
86%
en
82%
la
82%
ou
82%
pas
82%
portrait
82%
et
79%
il
79%
Ne
79%
ne
79%
Si
79%
avec
75%
les
75%
que
75%
se
75%
abord
64%
du
64%
faut
64%
mais
64%
plumes
64%
dans
61%
ensuite
61%
Peindre
61%
peindre
61%
puis
61%
tout
61%
vous
61%
bon
57%
pinceau
57%
plus
57%
signe
57%
tous
57%
barreaux
54%
porte
54%
chante
50%
mettre
50%
Quand
50%
quand
50%
sans
50%
arbre
46%
entre
46%
entré
46%
fermer
46%
mauvais
46%
ses
46%
bien
43%
ouverte
43%
soin
43%
tableau
43%
tableau.
43%
Alors
39%
attendre
39%
aussi
39%
belle
39%
effacer
39%
toucher
39%
aucun
36%
aucune
36%
beau
36%
chanter
36%
coin
36%
doucement
36%
nom
36%
peut
36%
signer
36%
vert
36%
votre
36%
bois
32%
été
32%
forĂŞt
32%
pouvez
32%
années
29%
décide
29%
joli
29%
longues
29%
pendant
29%
quelque
29%
rien
29%
vite
29%
avant
25%
ayant
25%
branches
25%
chose
25%
écrivez
25%
jardin
25%
arrive
21%
bouger...
21%
chaleur
21%
dire
21%
Parfois
21%
rapport
21%
arrachez
18%
cacher
18%
décider
18%
décourager
18%
derrière
18%
herbe
18%
réussite
18%
toile
18%
utile
18%
vent
18%
simple
14%
soleil
14%
arrivée
11%
bruit
11%
choisissant
11%
feuillage
11%
fraîcheur
11%
placer
11%
contre
7%
lenteur
7%
observer
7%
profond
7%
silence
7%
vitesse
7%
bĂŞtes
4%
poussière
4%
Aucun quiz correspondant
Distribution des résultats
% des personnes avec chaque résultat
Percentile par nombre de réponses
Votre historique - résultats
Vous n’avez pas pris ce quiz